[Event "7.Open Inter.Ch.of Vojvodina 2016"]
[Site "Novi Sad - Master Centar, Hajd"]
[Date "2016.07.16"]
[Round "3.9"]
[White "Ilijc, Milan"]
[Black "Drazic, Sinisa"]
[Result "0-1"]
[WhiteElo "2172"]
[BlackElo "2402"]
[PlyCount "102"]
[EventDate "2016.07.15"]

1. c4 Nf6 2. b3 e5 3. Bb2 Nc6 4. g3 Bc5 5. Bg2 d6 6. Nc3 a6 7. Nf3 O-O 8. O-O
Bf5 9. Na4 Ba7 10. d4 e4 11. Nh4 Bd7 12. d5 Ne5 13. Bxe5 dxe5 14. Bh1 g5 15.
Ng2 Ng4 16. e3 f5 17. h3 Nf6 18. Nc3 Qe7 19. Qd2 Bc5 20. Ne1 b5 21. Nc2 b4 22.
Ne2 a5 23. Bg2 Kg7 24. Kh2 h5 25. Ng1 h4 26. gxh4 Rh8 27. hxg5 Ng4+ 28. Kh1
Qxg5 29. f4 exf3 30. Nxf3 Qh6 31. Rae1 Ra6 32. e4 Qxd2 33. Nxd2 f4 34. Nf3 Rh5
35. Re2 Rah6 36. Nce1 Kf6 37. Nd3 Ba7 38. Nfxe5 Nxe5 39. Nxf4 Ke7 40. Nxh5 Rxh5
41. Kh2 Bc5 42. Rc1 Kd6 43. Rf1 Ke7 44. Rf4 Bd6 45. Kg1 Nxc4 46. Rf1 Bc5+ 47.
Kh2 Ne5 48. Kg3 Rh8 49. Rh1 Rg8+ 50. Kh2 Bb5 51. Rc2 Nf3+ 0-1

[Event "7.Open Inter.Ch.of Vojvodina 2016"]
[Site "Novi Sad - Master Centar, Hajd"]
[Date "2016.07.16"]
[Round "3.10"]
[White "Obodchuk, Andrei"]
[Black "Pucarevic, Milenko"]
[Result "1-0"]
[WhiteElo "2395"]
[BlackElo "2173"]
[PlyCount "61"]
[EventDate "2016.07.15"]

1. e4 c5 2. Nf3 e6 3. d4 cxd4 4. Nxd4 a6 5. Nc3 Qc7 6. g3 Nc6 7. Bg2 Nf6 8. O-O
Be7 9. Re1 d6 10. Nxc6 bxc6 11. e5 dxe5 12. Rxe5 Qxe5 13. Bxc6+ Bd7 14. Bxa8
O-O 15. Bf3 Qb8 16. Qe2 a5 17. b3 Rc8 18. Bb2 a4 19. Ne4 Ne8 20. Rd1 Bc6 21.
Nd2 Bb5 22. c4 Ba6 23. Bc3 axb3 24. axb3 Bg5 25. Qe5 Bf6 26. Qxb8 Rxb8 27. Bxf6
gxf6 28. Ra1 Nc7 29. Ra4 f5 30. b4 Rd8 31. Ra2 1-0

[Event "7.Open Inter.Ch.of Vojvodina 2016"]
[Site "Novi Sad - Master Centar, Hajd"]
[Date "2016.07.16"]
[Round "3.11"]
[White "Minko, Vladimir"]
[Black "Petrusic, Velimir"]
[Result "1-0"]
[WhiteElo "2379"]
[BlackElo "2172"]
[PlyCount "45"]
[EventDate "2016.07.15"]

1. d4 d5 2. c4 e5 3. dxe5 d4 4. Nf3 Nc6 5. Nbd2 Bg4 6. g3 Qe7 7. Bg2 O-O-O 8.
O-O Nxe5 9. Nxe5 Qxe5 10. Nf3 Bxf3 11. Bxf3 g5 12. Qa4 a6 13. b4 h5 14. b5 Rh6
15. Rb1 a5 16. Qxa5 Kb8 17. Qd2 f6 18. Qd3 Re8 19. Bb2 Bc5 20. e3 Rd8 21. Rbd1
f5 22. exd4 Rhd6 23. dxc5 1-0

[Event "7.Open Inter.Ch.of Vojvodina 2016"]
[Site "Novi Sad - Master Centar, Hajd"]
[Date "2016.07.16"]
[Round "3.12"]
[White "Ilincic, Aleksa"]
[Black "Sredojevic, Ivan"]
[Result "0-1"]
[WhiteElo "2168"]
[BlackElo "2342"]
[PlyCount "100"]
[EventDate "2016.07.15"]

1. e4 c5 2. Nf3 a6 3. Nc3 e6 4. d4 cxd4 5. Nxd4 b5 6. g3 Bb7 7. Bg2 b4 8. Na4
f5 9. O-O fxe4 10. Nc5 Bxc5 11. Qh5+ Kf8 12. Qxc5+ Qe7 13. Qc7 Bd5 14. Bf4 Ke8
15. Rad1 Nf6 16. Bg5 d6 17. Qa5 Nc6 18. Nxc6 Bxc6 19. Qxb4 d5 20. Qxe7+ Kxe7
21. f3 h6 22. Bf4 Rhd8 23. Be5 Rac8 24. c3 a5 25. Rfe1 exf3 26. Bxf3 Ba4 27. b3
Be8 28. Bd4 a4 29. Re3 a3 30. Rde1 Bf7 31. b4 h5 32. h3 Kf8 33. Bg2 Nd7 34. Rf1
Kg8 35. h4 e5 36. Bxe5 Nxe5 37. Rxe5 d4 38. cxd4 Bxa2 39. Ra1 Rc2 40. Rxa2 Rxa2
41. Bd5+ Rxd5 42. Rxd5 Rb2 43. Rxh5 a2 44. Ra5 Rb1+ 45. Kf2 a1=Q 46. Rxa1 Rxa1
47. Kf3 Kf7 48. g4 Ke6 49. Kf4 Rb1 50. h5 Rxb4 0-1

[Event "7.Open Inter.Ch.of Vojvodina 2016"]
[Site "Novi Sad - Master Centar, Hajd"]
[Date "2016.07.16"]
[Round "3.13"]
[White "Blazeka, Matej"]
[Black "Pecelj, Nedeljko"]
[Result "1/2-1/2"]
[WhiteElo "2328"]
[BlackElo "2169"]
[PlyCount "59"]
[EventDate "2016.07.15"]

1. e4 e6 2. d4 d5 3. Nd2 dxe4 4. Nxe4 Bd7 5. Nf3 Bc6 6. Ned2 Nd7 7. Bd3 Ngf6 8.
O-O Be7 9. Re1 O-O 10. c3 b6 11. Nc4 Bb7 12. Qe2 Re8 13. Bf4 Nf8 14. Rad1 Ng6
15. Be5 Qc8 16. Bg3 Bd5 17. Nfe5 Bb7 18. Nxg6 hxg6 19. Ne5 a6 20. Bc4 Bd6 21.
Bh4 Bd5 22. Bxd5 Nxd5 23. Qf3 Rf8 24. c4 Ne7 25. Bxe7 Bxe7 26. d5 Bd6 27. Nc6
exd5 28. cxd5 Qd7 29. Re4 Rfe8 30. Rde1 1/2-1/2

[Event "7.Open Inter.Ch.of Vojvodina 2016"]
[Site "Novi Sad - Master Centar, Hajd"]
[Date "2016.07.16"]
[Round "3.14"]
[White "Todorovic, Nenad I"]
[Black "Aleksic, Neven"]
[Result "1-0"]
[WhiteElo "2306"]
[BlackElo "2161"]
[PlyCount "53"]
[EventDate "2016.07.15"]

1. e4 e5 2. Nf3 Nc6 3. Bb5 a6 4. Ba4 Nf6 5. d4 exd4 6. O-O Be7 7. e5 Ne4 8. b4
Nc3 9. Nxc3 dxc3 10. a3 O-O 11. Qd3 d6 12. Bxc6 bxc6 13. Qxc3 dxe5 14. Nxe5 Bf6
15. Bf4 Be6 16. Rad1 Bd5 17. Qg3 Bxe5 18. Bxe5 f6 19. c4 fxe5 20. cxd5 Qf6 21.
dxc6 Qxc6 22. Qxe5 Rae8 23. Rc1 Qa4 24. Qxc7 Qxa3 25. Qc4+ Kh8 26. Ra1 Qb2 27.
Ra2 1-0

[Event "7.Open Inter.Ch.of Vojvodina 2016"]
[Site "Novi Sad - Master Centar, Hajd"]
[Date "2016.07.16"]
[Round "3.15"]
[White "Osmanovic, Faruk"]
[Black "Svicevic, Rastko"]
[Result "0-1"]
[WhiteElo "2085"]
[BlackElo "2270"]
[PlyCount "122"]
[EventDate "2016.07.15"]

1. d4 d5 2. Nf3 c6 3. Bf4 e6 4. e3 Bd6 5. Bg3 f5 6. c4 Nf6 7. Nc3 Ne4 8. Bxd6
Qxd6 9. Ne5 O-O 10. Bd3 Nxc3 11. bxc3 Nd7 12. Nxd7 Bxd7 13. Rb1 b6 14. f4 c5
15. O-O Rfc8 16. cxd5 c4 17. Be2 exd5 18. Bf3 Re8 19. Re1 Bc6 20. Qc2 g6 21.
Qb2 Re6 22. Kf2 Rae8 23. g3 Qe7 24. Qc1 Qd6 25. h4 h5 26. Re2 Kg7 27. Qb2 Qe7
28. Qc1 Kf6 29. Re1 Qd6 30. Qb2 R6e7 31. Qc1 Rb7 32. Re2 a5 33. Bg2 b5 34. a3
Reb8 35. Ra2 Ke6 36. Qh1 b4 37. axb4 axb4 38. Ra6 Rb6 39. Rxb6 Rxb6 40. cxb4
Rxb4 41. Qe1 Ra4 42. Rb2 Qa3 43. Qb1 Qa1 44. Qxa1 Rxa1 45. Rc2 Ba4 46. Rc3 Kd6
47. Bf3 Bb3 48. Be2 Kc6 49. e4 fxe4 50. g4 hxg4 51. Bxg4 Kb5 52. Re3 Kb4 53.
Re1 Rxe1 54. Kxe1 c3 55. h5 gxh5 56. f5 hxg4 57. f6 c2 58. Kd2 e3+ 59. Kc1 Kc3
60. f7 e2 61. f8=Q e1=Q# 0-1

[Event "7.Open Inter.Ch.of Vojvodina 2016"]
[Site "Novi Sad - Master Centar, Hajd"]
[Date "2016.07.16"]
[Round "3.16"]
[White "Vujevic, Tomislav"]
[Black "Marholev, Dimitar"]
[Result "1/2-1/2"]
[WhiteElo "2023"]
[BlackElo "2244"]
[PlyCount "58"]
[EventDate "2016.07.15"]

1. d4 Nf6 2. Bf4 d6 3. e3 Nbd7 4. h3 e5 5. Bh2 Be7 6. Nf3 exd4 7. exd4 O-O 8.
Bd3 b6 9. O-O Bb7 10. Nbd2 Re8 11. Re1 Nf8 12. c3 Ng6 13. Qc2 a6 14. Re2 Bf8
15. Rae1 Rxe2 16. Rxe2 Nh5 17. Re1 Kh8 18. Be4 d5 19. Bd3 Bd6 20. Ne5 Qf6 21.
Ndf3 Nhf4 22. Bf5 Kg8 23. Bxf4 Nxf4 24. Bxh7+ Kh8 25. Ng5 Bxe5 26. Rxe5 g6 27.
g3 Nxh3+ 28. Nxh3 Kxh7 29. Qe2 Kg7 1/2-1/2

[Event "7.Open Inter.Ch.of Vojvodina 2016"]
[Site "Novi Sad - Master Centar, Hajd"]
[Date "2016.07.16"]
[Round "3.17"]
[White "Pastar, Slaven"]
[Black "Mamontova, Anastasia"]
[Result "1-0"]
[WhiteElo "2244"]
[BlackElo "2084"]
[PlyCount "81"]
[EventDate "2016.07.15"]

1. f4 d5 2. Nf3 c5 3. b3 Nc6 4. Bb2 d4 5. Na3 g6 6. e3 Bg7 7. Nc4 Nh6 8. Be2
O-O 9. O-O b5 10. Nce5 Nxe5 11. Nxe5 Bxe5 12. fxe5 dxe3 13. dxe3 Qb6 14. Bf3
Rb8 15. e4 Kg7 16. Qd2 Be6 17. Qg5 c4+ 18. Kh1 Ng8 19. Rae1 Qa5 20. Ra1 Rbd8
21. Bc1 Qc3 22. Bf4 Qxc2 23. h4 a6 24. h5 Qb2 25. Qh4 Rd3 26. Rab1 Qa3 27. b4
c3 28. Bg5 Re8 29. Bg4 Qxa2 30. Ra1 Qc4 31. Be2 Rh3+ 32. gxh3 Qxe2 33. Rf2 Qd3
34. Kh2 Qd4 35. Raf1 Qxe5+ 36. Bf4 Qd4 37. h6+ Kh8 38. Rd1 Qf6 39. Qg3 Nxh6 40.
Be5 c2 41. Rxc2 1-0

[Event "7.Open Inter.Ch.of Vojvodina 2016"]
[Site "Novi Sad - Master Centar, Hajd"]
[Date "2016.07.16"]
[Round "3.18"]
[White "Brajic, Miloje"]
[Black "Popov, Jovan"]
[Result "0-1"]
[WhiteElo "2238"]
[BlackElo "2082"]
[PlyCount "100"]
[EventDate "2016.07.15"]

1. e4 e6 2. d4 d5 3. exd5 exd5 4. c4 Nf6 5. Nc3 Nc6 6. Be3 Bb4 7. Be2 O-O 8.
Nf3 Ne4 9. Rc1 Bf5 10. Bd2 Nxd2 11. Qxd2 dxc4 12. O-O Bg4 13. Rfd1 Re8 14. h3
Bh5 15. d5 Bxf3 16. Bxf3 Ne5 17. Be4 Qh4 18. Re1 Rad8 19. Re2 Nd7 20. Rce1 Nf6
21. Bf3 b5 22. Rxe8+ Rxe8 23. Rxe8+ Nxe8 24. Qe3 Nd6 25. Qxa7 Qd8 26. Qd4 Qe7
27. Kf1 g6 28. Ne2 Nf5 29. Qe4 Qxe4 30. Bxe4 Nd6 31. Bf3 Bc5 32. Nc3 Bd4 33.
Ke2 Kg7 34. Nd1 Kf6 35. b3 Ke5 36. Ne3 Bxe3 37. fxe3 f5 38. bxc4 Nxc4 39. Kd3
Nb6 40. e4 fxe4+ 41. Bxe4 Nxd5 42. Bf3 c5 43. a3 c4+ 44. Kd2 Kd4 45. g3 c3+ 46.
Ke2 b4 47. axb4 Nxb4 48. h4 h6 49. g4 Nd3 50. Kd1 c2+ 0-1

[Event "7.Open Inter.Ch.of Vojvodina 2016"]
[Site "Novi Sad - Master Centar, Hajd"]
[Date "2016.07.16"]
[Round "3.19"]
[White "Saric, Sinisa"]
[Black "Djoric, Hadzi Goran"]
[Result "1/2-1/2"]
[WhiteElo "2435"]
[BlackElo "2129"]
[PlyCount "132"]
[EventDate "2016.07.15"]

1. d4 Nf6 2. c4 g6 3. Nc3 Bg7 4. e4 d6 5. Nf3 O-O 6. Be2 a5 7. Be3 Bg4 8. e5
dxe5 9. Nxe5 Bxe2 10. Qxe2 Nbd7 11. O-O e6 12. Rfd1 Qe7 13. Bg5 h6 14. Bh4 c6
15. c5 g5 16. Bg3 Nxe5 17. dxe5 Nd5 18. Ne4 Rfd8 19. Rac1 Rd7 20. Nd6 Qd8 21.
Qg4 Qe7 22. h4 Rad8 23. Re1 Nb4 24. Re3 Nxa2 25. Ra1 Nb4 26. Rf3 Rf8 27. Rxa5
Nd5 28. hxg5 Qxg5 29. Qxg5 hxg5 30. Ra7 Nf4 31. Bxf4 gxf4 32. Rxf4 Bxe5 33.
Rg4+ Kh7 34. Ra3 Bg7 35. Rh3+ Kg8 36. Rb3 b5 37. cxb6 f5 38. b7 Rb8 39. Ra4
Rxd6 40. Ra8 Rdd8 41. Ra6 Rd7 42. Rxc6 Rbxb7 43. Rxb7 Rxb7 44. Rxe6 Rxb2 45. g4
f4 46. Re4 Bh6 47. Re5 Bf8 48. Rg5+ Kh7 49. Rd5 Kg6 50. Kg2 Rb3 51. f3 Rb2+ 52.
Kf1 Be7 53. Rf5 Rb4 54. Rd5 Bh4 55. Rd6+ Kf7 56. Kg2 Rb2+ 57. Kh3 Bf6 58. g5
Bxg5 59. Kg4 Rb5 60. Ra6 Re5 61. Rb6 Kg7 62. Rb7+ Kg6 63. Rb6+ Kf7 64. Ra6 Rb5
65. Rc6 Kg7 66. Rc7+ Kf6 1/2-1/2

[Event "7.Open Inter.Ch.of Vojvodina 2016"]
[Site "Novi Sad - Master Centar, Hajd"]
[Date "2016.07.16"]
[Round "3.20"]
[White "Cabarkapa, Novak"]
[Black "Musicki, Stevan"]
[Result "1-0"]
[WhiteElo "2424"]
[BlackElo "2134"]
[PlyCount "65"]
[EventDate "2016.07.15"]

1. e4 c5 2. Nf3 e6 3. b3 Nc6 4. Bb2 a6 5. c4 d6 6. d4 cxd4 7. Nxd4 Qg5 8. g3 e5
9. Ne2 h5 10. Nbc3 Nf6 11. Nd5 Nxd5 12. cxd5 Ne7 13. h4 Qg6 14. Nc3 Bg4 15. Qd3
Rc8 16. Bg2 Ng8 17. O-O Be7 18. Rac1 Nh6 19. Na4 O-O 20. Rxc8 Rxc8 21. Nb6 Rc7
22. f3 Bd7 23. Nxd7 Rxd7 24. f4 exf4 25. Rxf4 Bd8 26. Bh3 Bb6+ 27. Kg2 Rc7 28.
Bf5 Nxf5 29. exf5 Qh6 30. f6 g6 31. Re4 Rc8 32. Re7 g5 33. Qf5 1-0

[Event "7.Open inter.Ch of Vojvodina 2016"]
[Site "Novi Sad - Master Centar, Hajd"]
[Date "2016.07.17"]
[Round "4.1"]
[White "Atalik, Suat"]
[Black "Obodchuk, Andrei"]
[Result "0-1"]
[WhiteElo "2564"]
[BlackElo "2395"]
[PlyCount "116"]
[EventDate "2016.07.15"]

1. d4 Nf6 2. c4 g6 3. Nc3 d5 4. Nf3 Bg7 5. Bg5 Ne4 6. Bf4 Nxc3 7. bxc3 c5 8.
cxd5 Qxd5 9. e3 cxd4 10. cxd4 Nc6 11. Be2 O-O 12. O-O Bf5 13. Qa4 Qa5 14. Qb3
Qb4 15. Rfc1 Qxb3 16. axb3 Rfc8 17. h3 a6 18. g4 Bd7 19. Bg3 Na7 20. Ne5 Bxe5
21. Bxe5 Rxc1+ 22. Rxc1 Rc8 23. Rd1 Nc6 24. Bf4 Na5 25. Bf3 e6 26. b4 Nc6 27.
g5 Nd8 28. Be5 Bb5 29. Bf6 Nc6 30. Rb1 b6 31. e4 Nb8 32. d5 Nd7 33. Bg4 Nxf6
34. gxf6 h5 35. Bf3 exd5 36. exd5 Rd8 37. Rc1 Rd6 38. Rc8+ Kh7 39. Be4 Rxf6 40.
Rc7 Kg7 41. f3 Rd6 42. f4 Rd7 43. Rc8 Re7 44. Bf3 Re3 45. Kf2 Rb3 46. Rb8 Rxb4
47. Rxb6 Rxf4 48. d6 Rd4 49. Bb7 Kf6 50. Bxa6 Bxa6 51. Rxa6 Ke6 52. Ra7 Rxd6
53. h4 f6 54. Rh7 Kf5 55. Rh6 Rd4 56. Kg3 Rg4+ 57. Kh3 Kf4 58. Rh8 Rg3+ 0-1

[Event "7.Open inter.Ch.of Vojvodina 2016"]
[Site "Novi Sad - Master Centar, Hajd"]
[Date "2016.07.17"]
[Round "4.2"]
[White "Drazic, Sinisa"]
[Black "Kovacevic, Aleksandar"]
[Result "0-1"]
[WhiteElo "2402"]
[BlackElo "2515"]
[PlyCount "90"]
[EventDate "2016.07.15"]

1. d4 Nf6 2. c4 e6 3. Nc3 c5 4. Nf3 cxd4 5. Nxd4 Nc6 6. Ndb5 d5 7. Bf4 e5 8.
cxd5 exf4 9. dxc6 bxc6 10. Qxd8+ Kxd8 11. O-O-O+ Bd7 12. Nd4 Ng4 13. Ne4 Kc7
14. h3 f5 15. hxg4 fxe4 16. e3 fxe3 17. fxe3 Bxg4 18. Be2 Bxe2 19. Nxe2 Bc5 20.
Nd4 Rae8 21. Rh5 Bb6 22. Kd2 g6 23. Rh4 Re7 24. Rc1 Bxd4 25. exd4 e3+ 26. Ke2
Rf8 27. Rf1 Rxf1 28. Kxf1 e2+ 29. Ke1 Kd6 30. Rf4 Kd5 31. Rf6 a5 32. b3 Kxd4
33. Rxc6 Re5 34. a3 Rg5 35. g4 Kd3 36. Rd6+ Kc3 37. Rb6 Rxg4 38. Kxe2 h5 39.
Kf3 Rg1 40. Rb5 h4 41. Kf2 Rg4 42. Kf3 h3 43. Rc5+ Kb2 44. Kxg4 h2 45. Rxa5
h1=Q 0-1

[Event "7.Open inter.Ch.of Vojvodina 2016"]
[Site "Novi Sad - Master Centar, Hajd"]
[Date "2016.07.17"]
[Round "4.3"]
[White "Dobrov, Vladimir"]
[Black "Minko, Vladimir"]
[Result "1/2-1/2"]
[WhiteElo "2505"]
[BlackElo "2379"]
[PlyCount "25"]
[EventDate "2016.07.15"]

1. e4 e5 2. Nf3 Nc6 3. Bb5 a6 4. Bxc6 dxc6 5. O-O Bg4 6. h3 h5 7. c3 Qd3 8.
hxg4 hxg4 9. Nxe5 Bd6 10. Nxd3 Bh2+ 11. Kh1 Bd6+ 12. Kg1 Bh2+ 13. Kh1 1/2-1/2

[Event "7.Open inter.Ch.of Vojvodina 2016"]
[Site "Novi Sad - Master Centar, Hajd"]
[Date "2016.07.17"]
[Round "4.4"]
[White "Sredojevic, Ivan"]
[Black "Fang, Yuxiang"]
[Result "1/2-1/2"]
[WhiteElo "2342"]
[BlackElo "2494"]
[PlyCount "21"]
[EventDate "2016.07.15"]

1. e4 e5 2. Nf3 Nc6 3. Bb5 Nf6 4. O-O Nxe4 5. d4 Nd6 6. Bxc6 dxc6 7. dxe5 Nf5
8. Qxd8+ Kxd8 9. Bg5+ Ke8 10. Rd1 Be6 11. h3 1/2-1/2

[Event "7.Open inter.Ch.of Vojvodina 2016"]
[Site "Novi Sad - Master Centar, Hajd"]
[Date "2016.07.17"]
[Round "4.5"]
[White "Markovic, Miroslav"]
[Black "Todorovic, Nenad I"]
[Result "1-0"]
[WhiteElo "2469"]
[BlackElo "2306"]
[PlyCount "85"]
[EventDate "2016.07.15"]

1. e4 c5 2. Nf3 d6 3. d3 Nc6 4. g3 g6 5. Bg2 Bg7 6. O-O e5 7. c3 Nge7 8. a3 O-O
9. b4 b6 10. Bb2 h6 11. b5 Nb8 12. c4 a5 13. Ne1 Be6 14. Nc3 Nd7 15. Nc2 Rb8
16. Ne3 f5 17. Bh3 Kh7 18. Ncd5 Bxd5 19. cxd5 f4 20. Nc4 Qc7 21. a4 h5 22. f3
Bh6 23. Kh1 Nf6 24. Be6 g5 25. gxf4 gxf4 26. Rg1 Ne8 27. Qf1 Ng7 28. Qh3 Rf6
29. Rg2 Nxe6 30. dxe6 Qc8 31. Nxe5 Qxe6 32. Qxe6 Rxe6 33. Nd7 Re8 34. Nf6+ Rxf6
35. Bxf6 Ng6 36. Rag1 Rg8 37. Rxg6 Rxg6 38. Rxg6 Kxg6 39. Bd8 Kf7 40. Bxb6 Ke6
41. Bxa5 Bg7 42. Kg2 d5 43. Bc7 1-0

[Event "7.Open inter.Ch.of Vojvodina 2016"]
[Site "Novi Sad - Master Centar, Hajd"]
[Date "2016.07.17"]
[Round "4.6"]
[White "Popov, Jovan"]
[Black "Dimitrov, Vladimir"]
[Result "0-1"]
[WhiteElo "2082"]
[BlackElo "2413"]
[PlyCount "114"]
[EventDate "2016.07.15"]

1. d4 Nf6 2. c4 e6 3. Nf3 b6 4. g3 Ba6 5. Qa4 Bb7 6. Bg2 c5 7. dxc5 bxc5 8. O-O
Be7 9. Nc3 O-O 10. Rd1 Qb6 11. Qc2 Rd8 12. e4 d6 13. e5 dxe5 14. Rxd8+ Bxd8 15.
Nxe5 Bxg2 16. Kxg2 Nc6 17. Nxc6 Qxc6+ 18. f3 Be7 19. Kf2 Rd8 20. Be3 a6 21. Rd1
Rxd1 22. Qxd1 h6 23. Qa4 Qb7 24. b3 Nd7 25. Ne4 f5 26. Nd2 Kf7 27. Qa5 g5 28.
Qc3 Bf6 29. Qd3 Qc6 30. f4 g4 31. Kg1 h5 32. Bf2 Nf8 33. h4 Nd7 34. Kh2 Bb2 35.
Kg1 Nf6 36. Be3 Nd7 37. Bf2 Ke7 38. Be3 Qc7 39. Kh2 Qa5 40. a4 Qb6 41. Kg2 Nb8
42. b4 Qxb4 43. Qb3 Bc1 44. Qxb4 cxb4 45. Bc5+ Kd7 46. Bxb4 Bxd2 47. Bxd2 Kc6
48. Be3 Nd7 49. Bd4 Nb6 50. Bxb6 Kxb6 51. Kf2 Kc5 52. Ke3 Kxc4 53. a5 Kc3 54.
Ke2 Kd4 55. Kd2 e5 56. fxe5 Kxe5 57. Ke3 f4+ 0-1

[Event "7.Open inter.Ch.of Vojvodina 2016"]
[Site "Novi Sad - Master Centar, Hajd"]
[Date "2016.07.17"]
[Round "4.7"]
[White "Pikula, Dejan"]
[Black "Pastar, Slaven"]
[Result "1-0"]
[WhiteElo "2434"]
[BlackElo "2244"]
[PlyCount "87"]
[EventDate "2016.07.15"]

1. e4 b6 2. d4 Bb7 3. Bd3 e6 4. Nf3 Nf6 5. Qe2 d5 6. e5 Nfd7 7. O-O c5 8. c3
Nc6 9. a3 a5 10. a4 cxd4 11. cxd4 Nb4 12. Bb5 Be7 13. Be3 O-O 14. Nc3 Nb8 15.
Rac1 Ba6 16. Rfd1 N8c6 17. g3 Bxb5 18. Nxb5 Qd7 19. Bg5 Rac8 20. b3 Bxg5 21.
Nxg5 h6 22. Nh3 Na7 23. Nd6 Rc6 24. Qd2 Nc8 25. Rxc6 Nxc6 26. Nb5 N8a7 27. Nc3
Nb4 28. Nf4 Rc8 29. Rc1 Qb7 30. Kg2 Qa6 31. h4 Rc6 32. Re1 b5 33. Re3 bxa4 34.
Nxa4 Rc2 35. Qd1 Nac6 36. Rc3 Rxc3 37. Nxc3 Ne7 38. h5 Nbc6 39. g4 Qb6 40. Nce2
g5 41. hxg6 fxg6 42. Qd3 Nxd4 43. Qh3 g5 44. Qxh6 1-0

[Event "7.Open inter.Ch.of Vojvodina 2016"]
[Site "Novi Sad - Master Centar, Hajd"]
[Date "2016.07.17"]
[Round "4.8"]
[White "Kovacevic, Sinisa"]
[Black "Cabarkapa, Novak"]
[Result "0-1"]
[WhiteElo "2229"]
[BlackElo "2424"]
[PlyCount "84"]
[EventDate "2016.07.15"]

1. d4 Nf6 2. Nf3 g6 3. c4 Bg7 4. g3 O-O 5. Bg2 d6 6. Nc3 Nc6 7. O-O e5 8. d5
Nb8 9. e4 a5 10. h3 Na6 11. Be3 b6 12. a3 Nc5 13. Qc2 a4 14. Bxc5 bxc5 15. Nxa4
Nxe4 16. b4 cxb4 17. axb4 f5 18. c5 Ba6 19. Rfd1 Qb8 20. Rdb1 Bb5 21. Nc3 Rxa1
22. Rxa1 Nxc3 23. Qxc3 Be2 24. Rb1 f4 25. Ng5 e4 26. Qd2 Bd3 27. Re1 fxg3 28.
fxg3 Bd4+ 29. Kh1 Bf2 30. Rd1 Bxg3 31. Bxe4 Bxe4+ 32. Nxe4 Bf4 33. Qc3 Be5 34.
Qd2 Rf4 35. Re1 Qb5 36. Kg2 Qc4 37. Ng5 Rd4 38. Qf2 Qxd5+ 39. Qf3 Rd2+ 40. Kf1
Qc4+ 41. Re2 Rxe2 42. Qxe2 Qc1+ 0-1

[Event "7.Open inter.Ch.of Vojvodina 2016"]
[Site "Novi Sad - Master Centar, Hajd"]
[Date "2016.07.17"]
[Round "4.10"]
[White "Leskur, Dejan"]
[Black "Banovic, Ivan"]
[Result "1-0"]
[WhiteElo "2392"]
[BlackElo "2194"]
[PlyCount "83"]
[EventDate "2016.07.15"]

1. d4 Nf6 2. Nf3 g6 3. Bg5 Bg7 4. Nbd2 d5 5. e3 O-O 6. c3 b6 7. a4 a5 8. Be2
Bb7 9. O-O Nbd7 10. h3 h6 11. Bf4 Ne4 12. Rc1 c5 13. Qb3 Nxd2 14. Nxd2 Rc8 15.
Rfd1 e6 16. Bb5 c4 17. Qa3 Bc6 18. Bxc6 Rxc6 19. b3 cxb3 20. Qxb3 Qc8 21. Rc2
Qa6 22. c4 Nf6 23. Rdc1 Rfc8 24. Be5 dxc4 25. Rxc4 Rxc4 26. Rxc4 Nd5 27. Qb5
Qa8 28. Bxg7 Kxg7 29. e4 Nc3 30. Rxc8 Qxc8 31. Qxb6 Nxa4 32. Qxa5 Qc1+ 33. Kh2
Nc3 34. Qe5+ Kg8 35. Nf3 Qc2 36. d5 exd5 37. exd5 Nxd5 38. Qxd5 Qxf2 39. Qd8+
Kg7 40. Qd7 Kg8 41. Qd2 Qa7 42. Qxh6 1-0

[Event "7.Open inter.Ch.of Vojvodina 2016"]
[Site "Novi Sad - Master Centar, Hajd"]
[Date "2016.07.17"]
[Round "4.11"]
[White "Nemec, Vjekoslav"]
[Black "Blazeka, Matej"]
[Result "1/2-1/2"]
[WhiteElo "2181"]
[BlackElo "2328"]
[PlyCount "24"]
[EventDate "2016.07.15"]

1. Nf3 Nf6 2. c4 g6 3. g3 Bg7 4. Bg2 d6 5. O-O O-O 6. Nc3 Nc6 7. d3 e5 8. Rb1
a5 9. a3 h6 10. b4 axb4 11. axb4 Bd7 12. b5 Ne7 1/2-1/2

[Event "7.Open inter.Ch.of Vojvodina 2016"]
[Site "Novi Sad - Master Centar, Hajd"]
[Date "2016.07.17"]
[Round "4.12"]
[White "Pecelj, Nedeljko"]
[Black "Kumic, Filip"]
[Result "0-1"]
[WhiteElo "2169"]
[BlackElo "2312"]
[PlyCount "52"]
[EventDate "2016.07.15"]

1. Nf3 Nf6 2. g3 g6 3. Bg2 Bg7 4. c4 O-O 5. O-O d6 6. Nc3 Nc6 7. d4 a6 8. d5
Na5 9. Nd2 c5 10. Qc2 Rb8 11. b3 b5 12. Bb2 e5 13. Nd1 Bh6 14. Bc3 Bg4 15. f3
Bd7 16. e4 Nh5 17. Re1 f5 18. Qd3 Nf6 19. Nf2 f4 20. Nf1 bxc4 21. bxc4 Nxc4 22.
a4 Nb6 23. Ba5 Qc8 24. Reb1 Nxa4 25. Rxb8 Qxb8 26. Qxa6 Bb5 0-1

[Event "7.Open inter.Ch.of Vojvodina 2016"]
[Site "Novi Sad - Master Centar, Hajd"]
[Date "2016.07.17"]
[Round "4.13"]
[White "Svicevic, Rastko"]
[Black "Jevtic, Miroljub"]
[Result "1/2-1/2"]
[WhiteElo "2270"]
[BlackElo "2063"]
[PlyCount "124"]
[EventDate "2016.07.15"]

1. d4 d5 2. Bg5 Bf5 3. e3 h6 4. Bh4 Nd7 5. c4 Bxb1 6. Rxb1 c6 7. b4 Ngf6 8. Nf3
e6 9. c5 a6 10. h3 Be7 11. Bd3 Ne4 12. Bxe7 Qxe7 13. Bxe4 dxe4 14. Nd2 f5 15.
Qh5+ Qf7 16. Qe2 O-O 17. Nc4 Nf6 18. Ne5 Qe8 19. O-O Qh5 20. Qxh5 Nxh5 21. a4
f4 22. Kh2 g5 23. Nc4 Nf6 24. b5 Nd5 25. bxc6 bxc6 26. Kg1 Rab8 27. Rfe1 fxe3
28. fxe3 h5 29. a5 Rb5 30. Rxb5 axb5 31. Nb6 Rf7 32. Nc8 Rc7 33. Nd6 Nc3 34.
Kf2 Ra7 35. Rc1 b4 36. Nc4 Kg7 37. Rc2 Kf6 38. Ke1 Ke7 39. Rf2 Ra6 40. Kd2 Nd5
41. Rf1 g4 42. hxg4 hxg4 43. Rh1 Ra8 44. Ne5 Kf6 45. Ra1 Ra6 46. Nxg4+ Kg5 47.
Ne5 Kh4 48. g4 Kg5 49. Nd7 b3 50. Nb8 b2 51. Rb1 Rxa5 52. Rxb2 Ra3 53. Nxc6
Rd3+ 54. Ke1 Nxe3 55. Rd2 Rc3 56. Ne5 Nc4 57. Nxc4 Rxc4 58. Ke2 Rc3 59. c6 Kxg4
60. d5 exd5 61. Rxd5 Rxc6 62. Ke3 Rc4 1/2-1/2

[Event "7.Open inter.Ch.of Vojvodina 2016"]
[Site "Novi Sad - Master Centar, Hajd"]
[Date "2016.07.17"]
[Round "4.14"]
[White "Cengija, Vanja"]
[Black "Vujevic, Tomislav"]
[Result "1-0"]
[WhiteElo "2252"]
[BlackElo "2023"]
[PlyCount "155"]
[EventDate "2016.07.15"]

1. d4 d5 2. c4 c6 3. Nf3 Nf6 4. Nc3 a6 5. e3 Bf5 6. Be2 h6 7. Qb3 Ra7 8. O-O e6
9. Bd2 Bd6 10. a3 Nbd7 11. cxd5 exd5 12. Na2 a5 13. Rfc1 O-O 14. Qd1 Ne4 15.
Be1 Qe7 16. Nc3 Ndf6 17. Nb1 Re8 18. Nbd2 Ng4 19. Nf1 Raa8 20. N3d2 Nxd2 21.
Qxd2 Nf6 22. f3 Nd7 23. Bg3 Bxg3 24. hxg3 Qg5 25. g4 Bg6 26. Qe1 f5 27. f4 Qf6
28. Qg3 fxg4 29. Bxg4 Bf5 30. Qh3 Bxg4 31. Qxg4 Nb6 32. Rc3 Nc4 33. b3 Nd6 34.
a4 Ne4 35. Rd3 Re7 36. Nh2 Qe6 37. Rc1 Qxg4 38. Nxg4 Kf7 39. Ne5+ Ke6 40. g4 h5
41. gxh5 Nf6 42. Kg2 Nxh5 43. Rh1 Nf6 44. Kf3 Ree8 45. Rdd1 Rh8 46. Rdg1 Rxh1
47. Rxh1 Ra6 48. Rg1 Ne8 49. Nd3 Kf7 50. f5 Nd6 51. Ne5+ Kf8 52. Kf4 Ne4 53.
Rh1 Ke7 54. Rg1 Kf8 55. Rg6 Nf6 56. Nd3 Kf7 57. Nc5 Rb6 58. Ke5 Rb4 59. Ne6 Ne8
60. e4 dxe4 61. Rg3 e3 62. Rxe3 Nf6 63. Rg3 Ne8 64. Rf3 Nf6 65. Kd6 Ne4+ 66.
Ke5 Nf6 67. Rg3 Ne8 68. Rh3 Kg8 69. Nf4 Kf7 70. Ng6 Nf6 71. Rd3 Nd5 72. Rh3 Nf6
73. Rd3 Nd5 74. Nh4 Nf6 75. Nf3 Nd5 76. Ng5+ Ke7 77. Ne6 Kf7 78. Rg3 1-0

[Event "7.Open inter.Ch.of Vojvodina 2016"]
[Site "Novi Sad - Master Centar, Hajd"]
[Date "2016.07.17"]
[Round "4.15"]
[White "Marholev, Dimitar"]
[Black "Aleksic, Aleksandar"]
[Result "1/2-1/2"]
[WhiteElo "2244"]
[BlackElo "2053"]
[PlyCount "48"]
[EventDate "2016.07.15"]

1. e4 e6 2. d4 d5 3. Nd2 Nf6 4. e5 Nfd7 5. Bd3 c5 6. c3 Nc6 7. Ne2 cxd4 8. cxd4
Qb6 9. Nf3 Bb4+ 10. Kf1 f6 11. exf6 Nxf6 12. a3 Bd6 13. b4 a6 14. h3 O-O 15.
Be3 Qd8 16. Qb1 e5 17. dxe5 Nxe5 18. Nxe5 Bxe5 19. Ra2 Ne4 20. Bxe4 dxe4 21.
Rd2 Qc7 22. Qxe4 Bf5 23. Qd5+ Kh8 24. Qc5 b5 1/2-1/2